Score 0/33 Timer 04:00
3 Plays Today
Hint Word % Correct
Never ____ Kissed♦ BEEN ♦
98.5%
____ Blue Sea♦ DEEP ♦
97.1%
10 Things I ____ About You♦ HATE ♦
96%
Eyes ____ Shut♦ WIDE ♦
95.6%
____ ____ West♦ WILD ♦
94.9%
The Green ____♦ MILE ♦
94.6%
Minestrone ingredientBEAN
92.9%
House on Haunted ____♦ HILL ♦
92.9%
Gridlock soundBEEP
92%
Not too hotMILD
91.8%
Man on the ____♦ MOON ♦
91.6%
Deuce Bigalow: ____ Gigolo♦ MALE ♦
91%
Being ____ Malkovich♦ JOHN ♦
90.6%
Companion or comradeMATE
90.2%
Martin of the Rat PackDEAN
89%
The ____ Collector♦ BONE ♦
87.1%
UniteJOIN
86.4%
Hint Word % Correct
Early hoursMORN
84.5%
It goes with a wayWILL
83.9%
Bit of changeCOIN
82.8%
Thanksgiving stapleCORN
82.4%
Hanger materialWIRE
81.9%
DetainedHELD
81.1%
Bibliophile's concernBOOK
79.4%
Mad Tea Party attendeeHARE
79.3%
Wait awhileBIDE
79%
Knock on the nogginBONK
78.2%
Olympic skier MillerBODE
78.2%
Stroke of luckBOON
78.1%
Alternative to high waterHELL
78%
Article of commerceWARE
76%
Bringing out the ____♦ DEAD ♦
75.6%
One in chargeHEAD
75.4%

Today's Daily Dose

You're not logged in!

Compare scores with friends on all Sporcle quizzes.
OR
Log In

Sporcle TV

Today on Sporcle TV


Watch our educational content, quiz creation guides, and fun videos on Sporcle TV.

Show Comments

Extras

Top Quizzes Today


Score Distribution

Paid Content

Your Account Isn't Verified!

In order to create a playlist on Sporcle, you need to verify the email address you used during registration. Go to your Sporcle Settings to finish the process.

Report this User

Report this user for behavior that violates our Community Guidelines.

Details: